00314nam a2200109Ia 4500008004100000082001200041082000800053245008800061245002300149260002300172300000900195231017s9999 xx 000 0 und d a624.171 bPRO 0aCost 345: Procedure Required for the Assessment of Highway Structures: Final Report 0cEuopean Commission bEuopean Commission c30cm